Taylor Swift songs that start with "H" - Statistics

General Stats
  • This quiz has been taken 19 times
  • The average score is 7 of 11
Answer Stats
Answer % Correct
Haunted
89%
Hey Stephen
78%
How Did It End?
78%
How You Get The Girl
78%
Hits Different
67%
hoax
67%
Honey
67%
High Infidelity
56%
Holy Ground
56%
happiness
44%
Highway Don't Care
22%
No matching quizzes found
Score Distribution
Percent of People with Each Score
Percentile by Number Answered
Your Score History
You have not taken this quiz